000 02555cam a22005054i 4500
003 PE-LiUPU
005 20250731173350.0
008 150706s1998 sp r 000 0 spa d
035 _a(Sirsi) a48110
040 _aPE-LiUPU
_bspa
_cPE-LiUPU
_erda
049 _aPRUA
082 0 4 _a286.732
_bEM
_221
082 0 4 _a286.73205
_bEM
_221
100 1 _aPierson, Roberto H.,
_eautor.
245 1 0 _aPara usted que quiere ser dirigente /
_cenfoque espirtual, promociomnal y de relaciones humanas a la administración y el liderazgo en la iglesia.
264 1 _aNampa, Idaho :
_bPacif Press,
_c1998.
300 _a124 páginas ;
_c22 centímetros
336 _atext
_2rdacontent
337 _aunmediated
_2rdamedia
338 _avolume
_2rdacarrier
490 0 _aEdiciones Ministeriales ;
_v7
505 0 _a¿Por qué necesita dirigentes la iglesia? -- ¿Reúne usted las condiciones necesarias? -- ¿Sabe usted a dónde va y por qué? -- ¿Cómo se lleva usted con la gente? -- ¿Puede usted en realidad dirigir a la gente? -- ¿Puede usted ponerse en el lugar de los demás? -- ¿Que clase de presidente de junta es usted? -- ¿Conoce usted la técnica de las decisiones? -- ¿Es usted un promotor? -- ¿Cómo distribuye usted su tiempo? -- ¿Cómo actúa usted en una situación difícil? -- ¿Es usted capaz de soportar la crítica? -- ¿Confía usted en sus colaboradores?.
526 _aSEG42
526 _aSEG41
526 _aSEG40
526 _aSEG39
526 _aP94
526 _aP87
526 _aP86
526 _aP85
526 _aP77
526 _aP76
526 _aP35
650 0 4 _aAdministración de iglesia
_xLiderazgo.
910 _agl
_bjv
_clch
_d20100217
942 _2ddc
_cBOOK
949 _a286.732 EM 7
_wDEWEY
_c1
_i60984
_lCCODEBUL1
_mBUL
_p10.00
_r0
_sY
_tLIBRO
_u2015-07-06
_xTEOLOGIA
_zUNKNOWN
_o.STAFF. Colección Teología
949 _a286.732 EM 7
_wDEWEY
_c2
_i60983
_lCCODEBUL1
_mBUL
_p10.00
_r0
_sY
_tLIBRO
_u2015-07-06
_xTEOLOGIA
_zUNKNOWN
_o.STAFF. Colección Teología
994 _aC0
_bPEPRU
596 _a1 4
999 _a286.732 EM 7
_wDEWEY
_c50327
_i60983
_d50327
_e2016-8-22
_f2021-11-11
_g6
_lCCODEBUL1
_mBUL
_n3
_p10.00
_r0
_sY
_tBOOK
_u2015-7-6
_xTEOLOGIA
_PP35
_0COMPRA
_o.STAFF. Colección Teología
999 _a286.73205 EM 7
_wDEWEY
_c1
_iCW60984
_f2021-12-22
_g2
_lCCODECWL1
_mBWL
_p10.00
_r0
_sY
_tBOOK
_u2015-7-6
_xWHITE
_zUNKNOWN
_o.STAFF. Centro White
980 _81
_gALBERTO SANCHEZ Responsable de Automatización